00651nam a22001937a 4500003000500000005001700005008004100022020001400063040000900077082001500086100003000101245013700131250001400268260003000282300000800312942001200320999001900332952010600351CEME20210628204041.0210106b xxu||||| |||| 00| 0 eng d a084930461 cceme a610.28 BIO aBronzino, Joseph D959015 aThe biomedical engineering handbook Ultra low - power biomedical singal processing, an analog wavelet filter approach for pacemakers a2ND VOL-1 aNEW YORKbCRC PRESSc2000 aPDF cBK2ddc c576028d576028 00102ddc4070aCEMEbCEMEcGENd2017-08-02o610.28 BIOpCEME-46442r2021-06-28w2021-06-28yBKz4.0